书目信息 |
| 题名: |
压缩
|
|
| 作者: | ;江苏省燃局 编写 | |
| 分册: | ||
| 出版信息: | 北京 燃料化学工业出版社 1974 |
|
| 页数: | 57页 | |
| 开本: | 20cm | |
| 丛书名: | ||
| 单 册: | ||
| 中图分类: | TQ055.4 | |
| 科图分类: | ||
| 主题词: | 化工机械 , 化工设备 | |
| 电子资源: | ||
| ISBN: | ||
| 000 | 00594nam0 2200217 450 | |
| 001 | 0638386287 | |
| 005 | 20060303104233.34 | |
| 010 | @dCNY0.17 | |
| 091 | @a15063.2067 | |
| 100 | @a20060303d1974 km y0chiy0120 ea | |
| 101 | 0 | @achi |
| 200 | 1 | @a压缩@Aya suo@f江苏省燃局编写@Fjiang su sheng ran ju bian xie |
| 210 | @a北京@c燃料化学工业出版社@d1974 | |
| 215 | 1 | @a57页@d20cm |
| 300 | @a双加压流程碳酸氢铵生产 | |
| 606 | 0 | @a化工机械 |
| 606 | 0 | @a化工设备 |
| 690 | @aTQ055.4@v4 | |
| 711 | 0 | @a江苏省燃局@Ajiang su sheng ran ju@4编写 |
| 801 | 0 | @aCN@bPFT@c20060303 |
| 905 | @a10447@dTQ055.4@e1 | |
| 压缩/江苏省燃局编写.-北京:燃料化学工业出版社,1974 |
| 57页;20cm |
| 双加压流程碳酸氢铵生产 |
| ISBN :CNY0.17 |
| ● |
| 相关链接 |
|
|
|
|
正题名:压缩
索取号:TQ055.4/1
 
预约/预借
| 序号 | 登录号 | 条形码 | 馆藏地/架位号 | 状态 | 备注 |
| 1 | 0017930 | 001646222 | 密集书库/ [索取号:TQ055.4/1] | 在馆 |